[Event "ABC-4 2025 Groep B"]
[Site "Utrecht"]
[Date "2025.03.16"]
[Round "6.10"]
[White "Elangkumaran, Anumitra"]
[Black "Xu, Nicholas M"]
[Result "1-0"]
[WhiteFideId "8925125"]
[BlackFideId "8883281"]
[WhiteElo "1620"]
[BlackElo "1794"]

1. e4 {[%clk 00:55:18]} {[%emt 00:00:01]} c6 {[%clk 00:55:17]} {[%emt
00:00:04]} 2. d4 {[%clk 00:55:23]} {[%emt 00:00:05]} d5 {[%clk 00:55:25]}
{[%emt 00:00:01]} 3. e5 {[%clk 00:55:27]} {[%emt 00:00:06]} c5 {[%clk
00:55:33]} {[%emt 00:00:03]} 4. c3 {[%clk 00:55:15]} {[%emt 00:00:22]} Nc6
{[%clk 00:55:39]} {[%emt 00:00:04]} 5. Nf3 {[%clk 00:55:00]} {[%emt 00:00:25]}
cxd4 {[%clk 00:55:41]} {[%emt 00:00:07]} 6. cxd4 {[%clk 00:54:37]} {[%emt
00:00:33]} Bg4 {[%clk 00:55:46]} {[%emt 00:00:05]} 7. Be2 {[%clk 00:51:26]}
{[%emt 00:03:21]} e6 {[%clk 00:55:50]} {[%emt 00:00:07]} 8. Be3 {[%clk
00:50:48]} {[%emt 00:00:49]} Bb4+ {[%clk 00:55:36]} {[%emt 00:00:23]} 9. Nc3
{[%clk 00:50:02]} {[%emt 00:00:57]} Nge7 {[%clk 00:55:28]} {[%emt 00:00:17]} 10.
O-O {[%clk 00:49:25]} {[%emt 00:00:46]} O-O {[%clk 00:55:32]} {[%emt 00:00:07]}
11. h3 {[%clk 00:47:31]} {[%emt 00:02:03]} Bxf3 {[%clk 00:55:35]} {[%emt
00:00:07]} 12. Bxf3 {[%clk 00:47:35]} {[%emt 00:00:07]} Nf5 {[%clk 00:55:37]}
{[%emt 00:00:08]} 13. a3 {[%clk 00:45:34]} {[%emt 00:02:11]} Ba5 {[%clk
00:55:34]} {[%emt 00:00:11]} 14. Ne2 {[%clk 00:44:41]} {[%emt 00:01:04]} Rc8
{[%clk 00:55:00]} {[%emt 00:00:48]} 15. Qd3 {[%clk 00:42:09]} {[%emt 00:02:39]}
f6 {[%clk 00:54:25]} {[%emt 00:00:45]} 16. exf6 {[%clk 00:41:01]} {[%emt
00:01:18]} Qxf6 {[%clk 00:54:07]} {[%emt 00:00:27]} 17. Rad1 {[%clk 00:36:51]}
{[%emt 00:04:21]} Rc7 {[%clk 00:53:51]} {[%emt 00:00:25]} 18. Ng3 {[%clk
00:35:40]} {[%emt 00:01:21]} Nd6 {[%clk 00:49:53]} {[%emt 00:04:08]} 19. Bg4
{[%clk 00:28:56]} {[%emt 00:06:54]} Nc4 {[%clk 00:48:15]} {[%emt 00:01:49]} 20.
Nh5 {[%clk 00:25:00]} {[%emt 00:04:06]} Qe7 {[%clk 00:45:25]} {[%emt 00:03:00]}
21. Qe2 {[%clk 00:22:11]} {[%emt 00:02:59]} Rfc8 {[%clk 00:44:22]} {[%emt
00:01:14]} 22. Bf4 {[%clk 00:20:04]} {[%emt 00:02:16]} Nxd4 {[%clk 00:30:24]}
{[%emt 00:14:07]} 23. Rxd4 {[%clk 00:18:25]} {[%emt 00:01:50]} e5 {[%clk
00:28:27]} {[%emt 00:02:08]} 24. Bxe5 {[%clk 00:13:41]} {[%emt 00:04:53]} Qxe5
{[%clk 00:26:11]} {[%emt 00:02:26]} 25. Qxe5 {[%clk 00:12:51]} {[%emt
00:01:00]} Nxe5 {[%clk 00:26:19]} {[%emt 00:00:02]} 26. Bxc8 {[%clk 00:12:34]}
{[%emt 00:00:28]} Rxc8 {[%clk 00:25:54]} {[%emt 00:00:34]} 27. Rxd5 {[%clk
00:12:02]} {[%emt 00:00:42]} Nc6 {[%clk 00:26:02]} {[%emt 00:00:02]} 28. Rd7
{[%clk 00:10:50]} {[%emt 00:01:21]} Nd8 {[%clk 00:23:09]} {[%emt 00:03:03]} 29.
Rxg7+ {[%clk 00:09:25]} {[%emt 00:01:35]} Kh8 {[%clk 00:23:01]} {[%emt
00:00:19]} 30. Rd7 {[%clk 00:07:15]} {[%emt 00:02:20]} Ne6 {[%clk 00:21:34]}
{[%emt 00:01:37]} 31. Nf6 {[%clk 00:06:11]} {[%emt 00:01:14]} Nf8 {[%clk
00:21:37]} {[%emt 00:00:06]} 32. Rxb7 {[%clk 00:05:20]} {[%emt 00:01:02]} Bd8
{[%clk 00:20:00]} {[%emt 00:01:47]} 33. Rf7 {[%clk 00:04:27]} {[%emt 00:01:03]}
Bxf6 {[%clk 00:19:44]} {[%emt 00:00:26]} 34. Rxf6 {[%clk 00:04:35]} {[%emt
00:00:02]} Kg7 {[%clk 00:19:48]} {[%emt 00:00:06]} 35. Rf3 {[%clk 00:04:41]}
{[%emt 00:00:04]} Ng6 {[%clk 00:19:12]} {[%emt 00:00:47]} 36. Rc3 {[%clk
00:04:49]} {[%emt 00:00:03]} Rb8 {[%clk 00:19:20]} {[%emt 00:00:02]} 37. b4
{[%clk 00:04:37]} {[%emt 00:00:21]} Rb7 {[%clk 00:19:13]} {[%emt 00:00:17]} 38.
Rfc1 {[%clk 00:04:43]} {[%emt 00:00:04]} Kf6 {[%clk 00:19:06]} {[%emt
00:00:17]} 39. Rc7 {[%clk 00:04:40]} {[%emt 00:00:12]} Rb6 {[%clk 00:19:07]}
{[%emt 00:00:10]} 40. R7c6+ {[%clk 00:04:47]} {[%emt 00:00:03]} Rxc6 {[%clk
00:19:14]} {[%emt 00:00:03]} 41. Rxc6+ {[%clk 00:04:56]} {[%emt 00:00:01]} Ke5
{[%clk 00:19:08]} {[%emt 00:00:16]} 42. Ra6 {[%clk 00:04:58]} {[%emt 00:00:07]}
Kd6 {[%clk 00:19:14]} {[%emt 00:00:04]} 43. Rxa7 {[%clk 00:05:06]} {[%emt
00:00:02]} Ne7 {[%clk 00:19:22]} {[%emt 00:00:02]} 44. Rxe7 {[%clk 00:05:03]}
{[%emt 00:00:13]} 1-0

[Event "ABC-4 2025 Groep B"]
[Site "Utrecht"]
[Date "2025.03.16"]
[Round "7.1"]
[White "Teianu, Maxim"]
[Black "Haque, Nishaaz"]
[Result "1-0"]
[WhiteFideId "8926093"]
[BlackFideId "8874591"]
[WhiteElo "1986"]
[BlackElo "1874"]

1. d4 {[%clk 00:55:18]} {[%emt 00:00:01]} d5 {[%clk 00:55:17]} {[%emt
00:00:03]} 2. c4 {[%clk 00:55:24]} {[%emt 00:00:05]} e6 {[%clk 00:55:24]}
{[%emt 00:00:03]} 3. Nf3 {[%clk 00:55:30]} {[%emt 00:00:03]} a6 {[%clk
00:55:30]} {[%emt 00:00:03]} 4. Bg5 {[%clk 00:55:34]} {[%emt 00:00:06]} Be7
{[%clk 00:55:36]} {[%emt 00:00:04]} 5. Bxe7 {[%clk 00:55:38]} {[%emt 00:00:06]}
Qxe7 {[%clk 00:55:43]} {[%emt 00:00:03]} 6. Nbd2 {[%clk 00:55:41]} {[%emt
00:00:07]} Nf6 {[%clk 00:55:44]} {[%emt 00:00:09]} 7. g3 {[%clk 00:55:42]}
{[%emt 00:00:09]} O-O {[%clk 00:55:36]} {[%emt 00:00:18]} 8. Bg2 {[%clk
00:55:44]} {[%emt 00:00:07]} b6 {[%clk 00:55:36]} {[%emt 00:00:11]} 9. O-O
{[%clk 00:55:24]} {[%emt 00:00:29]} Bb7 {[%clk 00:55:19]} {[%emt 00:00:27]} 10.
cxd5 {[%clk 00:55:15]} {[%emt 00:00:20]} exd5 {[%clk 00:55:12]} {[%emt
00:00:17]} 11. Rc1 {[%clk 00:54:45]} {[%emt 00:00:41]} Qd6 {[%clk 00:53:06]}
{[%emt 00:02:15]} 12. Qc2 {[%clk 00:53:30]} {[%emt 00:01:25]} Rc8 {[%clk
00:50:22]} {[%emt 00:02:54]} 13. Qb3 {[%clk 00:52:24]} {[%emt 00:01:16]} Nbd7
{[%clk 00:49:39]} {[%emt 00:00:53]} 14. Nb1 {[%clk 00:50:28]} {[%emt 00:02:07]}
c5 {[%clk 00:46:48]} {[%emt 00:03:01]} 15. dxc5 {[%clk 00:48:50]} {[%emt
00:01:47]} Nxc5 {[%clk 00:46:42]} {[%emt 00:00:16]} 16. Qd1 {[%clk 00:46:56]}
{[%emt 00:02:05]} Nce4 {[%clk 00:45:32]} {[%emt 00:01:20]} 17. Qd4 {[%clk
00:45:10]} {[%emt 00:01:55]} Rc5 {[%clk 00:42:47]} {[%emt 00:02:54]} 18. Nfd2
{[%clk 00:40:03]} {[%emt 00:05:18]} Re8 {[%clk 00:34:06]} {[%emt 00:08:50]} 19.
e3 {[%clk 00:35:38]} {[%emt 00:04:36]} Qc7 {[%clk 00:31:09]} {[%emt 00:03:07]}
20. Nb3 {[%clk 00:34:05]} {[%emt 00:01:44]} Rc4 {[%clk 00:29:41]} {[%emt
00:01:38]} 21. Qd1 {[%clk 00:30:28]} {[%emt 00:03:47]} Rc8 {[%clk 00:28:23]}
{[%emt 00:01:28]} 22. Na3 {[%clk 00:27:32]} {[%emt 00:03:06]} Rxc1 {[%clk
00:24:25]} {[%emt 00:04:08]} 23. Nxc1 {[%clk 00:25:36]} {[%emt 00:02:06]} Qe5
{[%clk 00:17:26]} {[%emt 00:07:08]} 24. Nd3 {[%clk 00:25:17]} {[%emt 00:00:28]}
Qd6 {[%clk 00:17:21]} {[%emt 00:00:14]} 25. Nc2 {[%clk 00:24:00]} {[%emt
00:01:28]} a5 {[%clk 00:14:47]} {[%emt 00:02:45]} 26. Nd4 {[%clk 00:22:50]}
{[%emt 00:01:20]} Ba6 {[%clk 00:14:25]} {[%emt 00:00:32]} 27. Re1 {[%clk
00:22:19]} {[%emt 00:00:41]} Nc5 {[%clk 00:12:45]} {[%emt 00:01:51]} 28. Nf4
{[%clk 00:21:06]} {[%emt 00:01:22]} g5 {[%clk 00:12:18]} {[%emt 00:00:37]} 29.
Nf5 {[%clk 00:17:48]} {[%emt 00:03:28]} Qe5 {[%clk 00:11:18]} {[%emt 00:01:10]}
30. Nxd5 {[%clk 00:17:38]} {[%emt 00:00:19]} Rd8 {[%clk 00:10:31]} {[%emt
00:00:56]} 31. Nde7+ {[%clk 00:17:32]} {[%emt 00:00:16]} 1-0

[Event "ABC-4 2025 Groep B"]
[Site "Utrecht"]
[Date "2025.03.16"]
[Round "7.2"]
[White "Lopes, Samuel"]
[Black "Darie, Aden"]
[Result "1/2-1/2"]
[WhiteFideId "8763414"]
[BlackFideId "8971622"]
[WhiteElo "2017"]
[BlackElo "1878"]

1. e4 {[%clk 00:55:17]} {[%emt 00:00:02]} c6 {[%clk 00:55:09]} {[%emt
00:00:11]} 2. d4 {[%clk 00:55:22]} {[%emt 00:00:06]} d5 {[%clk 00:55:15]}
{[%emt 00:00:04]} 3. exd5 {[%clk 00:55:24]} {[%emt 00:00:08]} cxd5 {[%clk
00:55:17]} {[%emt 00:00:07]} 4. c4 {[%clk 00:55:24]} {[%emt 00:00:11]} Nf6
{[%clk 00:55:20]} {[%emt 00:00:07]} 5. Nc3 {[%clk 00:55:22]} {[%emt 00:00:12]}
Nc6 {[%clk 00:55:24]} {[%emt 00:00:06]} 6. Nf3 {[%clk 00:55:26]} {[%emt
00:00:07]} Bg4 {[%clk 00:55:27]} {[%emt 00:00:06]} 7. c5 {[%clk 00:55:15]}
{[%emt 00:00:22]} Bxf3 {[%clk 00:55:06]} {[%emt 00:00:31]} 8. gxf3 {[%clk
00:55:13]} {[%emt 00:00:12]} g6 {[%clk 00:53:43]} {[%emt 00:01:33]} 9. Bb5
{[%clk 00:54:58]} {[%emt 00:00:26]} Bg7 {[%clk 00:53:38]} {[%emt 00:00:15]} 10.
Bxc6+ {[%clk 00:54:43]} {[%emt 00:00:25]} bxc6 {[%clk 00:53:39]} {[%emt
00:00:09]} 11. O-O {[%clk 00:54:10]} {[%emt 00:00:43]} O-O {[%clk 00:53:23]}
{[%emt 00:00:25]} 12. Rb1 {[%clk 00:53:13]} {[%emt 00:01:08]} e5 {[%clk
00:53:15]} {[%emt 00:00:17]} 13. Ne2 {[%clk 00:48:04]} {[%emt 00:05:19]} Nd7
{[%clk 00:52:41]} {[%emt 00:00:44]} 14. Be3 {[%clk 00:46:46]} {[%emt 00:01:28]}
Qc7 {[%clk 00:51:31]} {[%emt 00:01:20]} 15. dxe5 {[%clk 00:43:39]} {[%emt
00:03:17]} Bxe5 {[%clk 00:51:03]} {[%emt 00:00:38]} 16. f4 {[%clk 00:40:34]}
{[%emt 00:03:16]} Bg7 {[%clk 00:51:06]} {[%emt 00:00:06]} 17. a3 {[%clk
00:40:19]} {[%emt 00:00:26]} a5 {[%clk 00:49:54]} {[%emt 00:01:21]} 18. Bd4
{[%clk 00:36:36]} {[%emt 00:03:53]} Rfe8 {[%clk 00:47:55]} {[%emt 00:02:09]} 19.
Bxg7 {[%clk 00:35:43]} {[%emt 00:01:03]} Kxg7 {[%clk 00:48:00]} {[%emt
00:00:04]} 20. Qd4+ {[%clk 00:35:47]} {[%emt 00:00:07]} f6 {[%clk 00:47:42]}
{[%emt 00:00:28]} 21. Ng3 {[%clk 00:34:34]} {[%emt 00:01:24]} Nf8 {[%clk
00:47:23]} {[%emt 00:00:28]} 22. f5 {[%clk 00:34:04]} {[%emt 00:00:40]} Qe5
{[%clk 00:46:55]} {[%emt 00:00:38]} 23. Qg4 {[%clk 00:31:08]} {[%emt 00:03:06]}
d4 {[%clk 00:46:46]} {[%emt 00:00:19]} 24. Rfd1 {[%clk 00:29:29]} {[%emt
00:01:49]} Rad8 {[%clk 00:46:40]} {[%emt 00:00:16]} 25. Rd3 {[%clk 00:28:35]}
{[%emt 00:01:05]} Qxc5 {[%clk 00:45:51]} {[%emt 00:00:59]} 26. Rbd1 {[%clk
00:26:42]} {[%emt 00:02:03]} Qb5 {[%clk 00:43:36]} {[%emt 00:02:25]} 27. Rxd4
{[%clk 00:25:42]} {[%emt 00:01:10]} Rxd4 {[%clk 00:43:39]} {[%emt 00:00:07]} 28.
Qxd4 {[%clk 00:25:24]} {[%emt 00:00:28]} Qe5 {[%clk 00:43:32]} {[%emt
00:00:16]} 29. Qxe5 {[%clk 00:24:30]} {[%emt 00:01:05]} Rxe5 {[%clk 00:43:28]}
{[%emt 00:00:14]} 30. fxg6 {[%clk 00:24:22]} {[%emt 00:00:18]} hxg6 {[%clk
00:43:25]} {[%emt 00:00:13]} 31. Rc1 {[%clk 00:23:58]} {[%emt 00:00:35]} c5
{[%clk 00:42:51]} {[%emt 00:00:45]} 32. Rc4 {[%clk 00:23:39]} {[%emt 00:00:28]}
Ne6 {[%clk 00:42:41]} {[%emt 00:00:19]} 33. Kf1 {[%clk 00:22:17]} {[%emt
00:01:33]} Nd8 {[%clk 00:40:59]} {[%emt 00:01:52]} 34. b4 {[%clk 00:21:43]}
{[%emt 00:00:45]} cxb4 {[%clk 00:40:28]} {[%emt 00:00:40]} 35. axb4 {[%clk
00:21:45]} {[%emt 00:00:08]} axb4 {[%clk 00:40:33]} {[%emt 00:00:05]} 36. Rxb4
{[%clk 00:21:48]} {[%emt 00:00:07]} f5 {[%clk 00:39:56]} {[%emt 00:00:46]} 37.
Ne2 {[%clk 00:17:58]} {[%emt 00:04:01]} Nf7 {[%clk 00:37:23]} {[%emt 00:02:44]}
38. Ng1 {[%clk 00:16:48]} {[%emt 00:01:20]} Re8 {[%clk 00:36:23]} {[%emt
00:01:10]} 39. Nf3 {[%clk 00:16:13]} {[%emt 00:00:38]} Ne5 {[%clk 00:35:16]}
{[%emt 00:01:23]} 40. Nxe5 {[%clk 00:16:07]} {[%emt 00:00:16]} Rxe5 {[%clk
00:35:19]} {[%emt 00:00:07]} 1/2-1/2

[Event "ABC-4 2025 Groep B"]
[Site "Utrecht"]
[Date "2025.03.16"]
[Round "7.3"]
[White "Kolijn, David"]
[Black "Hylarides, Charlie Ronald"]
[Result "1-0"]
[WhiteFideId "8881345"]
[BlackFideId "9041758"]
[WhiteElo "1900"]
[BlackElo "1923"]

1. e4 {[%clk 00:55:15]} {[%emt 00:00:05]} c6 {[%clk 00:55:11]} {[%emt
00:00:10]} 2. d4 {[%clk 00:55:00]} {[%emt 00:00:24]} d5 {[%clk 00:55:15]}
{[%emt 00:00:06]} 3. e5 {[%clk 00:54:16]} {[%emt 00:00:54]} c5 {[%clk
00:54:59]} {[%emt 00:00:26]} 4. c3 {[%clk 00:54:21]} {[%emt 00:00:05]} Nc6
{[%clk 00:55:03]} {[%emt 00:00:06]} 5. a3 {[%clk 00:54:24]} {[%emt 00:00:07]}
cxd4 {[%clk 00:54:59]} {[%emt 00:00:14]} 6. cxd4 {[%clk 00:54:27]} {[%emt
00:00:07]} Bf5 {[%clk 00:54:12]} {[%emt 00:00:57]} 7. Nc3 {[%clk 00:53:51]}
{[%emt 00:00:46]} e6 {[%clk 00:54:10]} {[%emt 00:00:12]} 8. Nf3 {[%clk
00:53:23]} {[%emt 00:00:38]} Bg4 {[%clk 00:54:01]} {[%emt 00:00:20]} 9. Be3
{[%clk 00:50:48]} {[%emt 00:02:45]} Nge7 {[%clk 00:52:09]} {[%emt 00:02:02]} 10.
h3 {[%clk 00:47:02]} {[%emt 00:03:56]} Bxf3 {[%clk 00:51:26]} {[%emt 00:00:53]}
11. Qxf3 {[%clk 00:47:10]} {[%emt 00:00:02]} 1-0

[Event "ABC-4 2025 Groep B"]
[Site "Utrecht"]
[Date "2025.03.16"]
[Round "7.4"]
[White "Ten Kate, Gustav"]
[Black "Ngangbam, Chingthang"]
[Result "0-1"]
[WhiteFideId "8873337"]
[BlackFideId "8869729"]
[WhiteElo "2092"]
[BlackElo "1920"]

1. d4 {[%clk 00:55:16]} {[%emt 00:00:02]} Nf6 {[%clk 00:55:07]} {[%emt
00:00:14]} 2. c4 {[%clk 00:55:18]} {[%emt 00:00:08]} g6 {[%clk 00:54:26]}
{[%emt 00:00:52]} 3. Nc3 {[%clk 00:55:18]} {[%emt 00:00:09]} d5 {[%clk
00:54:30]} {[%emt 00:00:06]} 4. cxd5 {[%clk 00:55:08]} {[%emt 00:00:20]} Nxd5
{[%clk 00:54:34]} {[%emt 00:00:06]} 5. e4 {[%clk 00:55:14]} {[%emt 00:00:04]}
Nxc3 {[%clk 00:54:38]} {[%emt 00:00:08]} 6. bxc3 {[%clk 00:55:21]} Bg7 {[%clk
00:54:34]} {[%emt 00:00:14]} 7. Bc4 {[%clk 00:55:25]} {[%emt 00:00:06]} c5
{[%clk 00:54:27]} {[%emt 00:00:18]} 8. Be3 {[%clk 00:54:22]} {[%emt 00:01:12]}
Nc6 {[%clk 00:54:00]} {[%emt 00:00:38]} 9. Ne2 {[%clk 00:54:25]} {[%emt
00:00:07]} O-O {[%clk 00:53:27]} {[%emt 00:00:43]} 10. h4 {[%clk 00:54:10]}
{[%emt 00:00:24]} Qa5 {[%clk 00:52:30]} {[%emt 00:01:08]} 11. Kf1 {[%clk
00:51:24]} {[%emt 00:02:55]} Rd8 {[%clk 00:49:24]} {[%emt 00:03:15]} 12. Qb3
{[%clk 00:48:39]} {[%emt 00:02:56]} e6 {[%clk 00:47:22]} {[%emt 00:02:12]} 13.
Rd1 {[%clk 00:47:19]} {[%emt 00:01:30]} cxd4 {[%clk 00:43:08]} {[%emt
00:04:24]} 14. cxd4 {[%clk 00:47:15]} {[%emt 00:00:13]} a6 {[%clk 00:42:22]}
{[%emt 00:00:57]} 15. a4 {[%clk 00:42:17]} {[%emt 00:05:07]} Qc7 {[%clk
00:40:35]} {[%emt 00:01:56]} 16. d5 {[%clk 00:32:32]} {[%emt 00:09:56]} b5
{[%clk 00:36:28]} {[%emt 00:04:18]} 17. Bd3 {[%clk 00:17:49]} {[%emt 00:14:52]}
Ne5 {[%clk 00:29:30]} {[%emt 00:07:08]} 18. Bf4 {[%clk 00:12:55]} {[%emt
00:05:04]} Qb6 {[%clk 00:25:08]} {[%emt 00:04:33]} 19. Be3 {[%clk 00:11:26]}
{[%emt 00:01:39]} Qb7 {[%clk 00:23:20]} {[%emt 00:01:58]} 20. Nf4 {[%clk
00:06:54]} {[%emt 00:04:42]} exd5 {[%clk 00:21:38]} {[%emt 00:01:52]} 21. Nxd5
{[%clk 00:06:14]} {[%emt 00:00:50]} Be6 {[%clk 00:20:09]} {[%emt 00:01:40]} 22.
axb5 {[%clk 00:05:37]} {[%emt 00:00:47]} Rxd5 {[%clk 00:18:49]} {[%emt
00:01:30]} 23. exd5 {[%clk 00:05:38]} {[%emt 00:00:09]} Bxd5 {[%clk 00:18:53]}
{[%emt 00:00:06]} 24. Qc2 {[%clk 00:03:42]} {[%emt 00:02:06]} Bxg2+ {[%clk
00:17:42]} {[%emt 00:01:21]} 25. Ke2 {[%clk 00:03:45]} {[%emt 00:00:07]} Bxh1
{[%clk 00:17:10]} {[%emt 00:00:43]} 26. bxa6 {[%clk 00:03:21]} {[%emt
00:00:34]} Bf3+ {[%clk 00:16:58]} {[%emt 00:00:21]} 27. Kf1 {[%clk 00:02:25]}
{[%emt 00:01:07]} Qd7 {[%clk 00:16:25]} {[%emt 00:00:42]} 28. Be2 {[%clk
00:00:54]} {[%emt 00:01:42]} Qh3+ {[%clk 00:16:07]} {[%emt 00:00:27]} 29. Ke1
{[%clk 00:01:02]} {[%emt 00:00:02]} Rc8 {[%clk 00:12:33]} {[%emt 00:03:44]} 30.
Qa4 {[%clk 00:00:33]} {[%emt 00:00:39]} Bc6 {[%clk 00:11:15]} {[%emt 00:01:28]}
31. Qb3 {[%clk 00:00:17]} {[%emt 00:00:27]} Nf3+ {[%clk 00:10:42]} {[%emt
00:00:42]} 32. Bxf3 {[%clk 00:00:25]} {[%emt 00:00:03]} Bxf3 {[%clk 00:10:43]}
{[%emt 00:00:09]} 33. Rd6 {[%clk 00:00:15]} {[%emt 00:00:20]} Qh1+ {[%clk
00:10:30]} {[%emt 00:00:23]} 34. Kd2 {[%clk 00:00:24]} Qc1+ {[%clk 00:10:05]}
{[%emt 00:00:34]} 35. Kd3 {[%clk 00:00:34]} {[%emt 00:00:02]} Rc3+ {[%clk
00:10:03]} {[%emt 00:00:12]} 36. Kd4 {[%emt 00:00:18]} 0-1

[Event "ABC-4 2025 Groep B"]
[Site "Utrecht"]
[Date "2025.03.16"]
[Round "7.5"]
[White "Katpatal, Akshaj"]
[Black "Frederiks, Jesse"]
[Result "0-1"]
[WhiteFideId "8800165"]
[BlackFideId "8829810"]
[WhiteElo "1974"]
[BlackElo "1887"]

1. e4 {[%clk 00:55:18]} {[%emt 00:00:02]} Nc6 {[%clk 00:53:58]} {[%emt
00:01:22]} 2. Nf3 {[%clk 00:55:04]} {[%emt 00:00:25]} e5 {[%clk 00:53:12]}
{[%emt 00:00:55]} 3. Bb5 {[%clk 00:55:09]} {[%emt 00:00:04]} a6 {[%clk
00:53:14]} {[%emt 00:00:09]} 4. Bxc6 {[%clk 00:55:15]} {[%emt 00:00:04]} dxc6
{[%clk 00:53:20]} {[%emt 00:00:04]} 5. d3 {[%clk 00:55:10]} {[%emt 00:00:15]}
Bd6 {[%clk 00:52:27]} {[%emt 00:01:02]} 6. Be3 {[%clk 00:55:05]} {[%emt
00:00:15]} Ne7 {[%clk 00:48:26]} {[%emt 00:04:11]} 7. d4 {[%clk 00:50:21]}
{[%emt 00:04:54]} f6 {[%clk 00:42:43]} {[%emt 00:05:52]} 8. dxe5 {[%clk
00:49:56]} {[%emt 00:00:36]} fxe5 {[%clk 00:42:41]} {[%emt 00:00:12]} 9. Nc3
{[%clk 00:49:41]} {[%emt 00:00:25]} O-O {[%clk 00:42:26]} {[%emt 00:00:25]} 10.
Qd3 {[%clk 00:49:25]} {[%emt 00:00:22]} Ng6 {[%clk 00:38:53]} {[%emt 00:03:46]}
11. O-O-O {[%clk 00:48:06]} {[%emt 00:01:29]} b5 {[%clk 00:37:20]} {[%emt
00:01:44]} 12. h4 {[%clk 00:46:48]} {[%emt 00:01:27]} Bg4 {[%clk 00:36:24]}
{[%emt 00:01:06]} 13. Bg5 {[%clk 00:45:11]} {[%emt 00:01:46]} Qe8 {[%clk
00:35:23]} {[%emt 00:01:11]} 14. Rdg1 {[%clk 00:29:01]} {[%emt 00:16:21]} c5
{[%clk 00:33:09]} {[%emt 00:02:24]} 15. h5 {[%clk 00:18:28]} {[%emt 00:10:43]}
Ne7 {[%clk 00:30:54]} {[%emt 00:02:17]} 16. Bxe7 {[%clk 00:16:24]} {[%emt
00:02:23]} Qxe7 {[%clk 00:25:46]} {[%emt 00:05:18]} 17. h6 {[%clk 00:14:39]}
{[%emt 00:01:56]} g6 {[%clk 00:25:31]} {[%emt 00:00:25]} 18. Nh2 {[%clk
00:12:59]} {[%emt 00:01:49]} Be6 {[%clk 00:24:30]} {[%emt 00:01:07]} 19. f3
{[%clk 00:10:22]} {[%emt 00:02:51]} c4 {[%clk 00:22:08]} {[%emt 00:02:31]} 20.
Qe2 {[%clk 00:06:46]} {[%emt 00:03:45]} c6 {[%clk 00:19:06]} {[%emt 00:03:13]}
21. g4 {[%clk 00:05:20]} {[%emt 00:01:37]} a5 {[%clk 00:18:06]} {[%emt
00:01:10]} 22. g5 {[%clk 00:04:34]} {[%emt 00:00:56]} a4 {[%clk 00:17:36]}
{[%emt 00:00:39]} 23. Qd2 {[%clk 00:03:47]} {[%emt 00:00:56]} b4 {[%clk
00:17:22]} {[%emt 00:00:25]} 24. Nd1 {[%clk 00:03:44]} {[%emt 00:00:14]} c3
{[%clk 00:16:52]} {[%emt 00:00:39]} 25. bxc3 {[%clk 00:03:32]} {[%emt
00:00:22]} bxc3 {[%clk 00:16:42]} {[%emt 00:00:19]} 26. Nxc3 {[%clk 00:00:31]}
{[%emt 00:03:11]} Ba3+ {[%clk 00:16:24]} {[%emt 00:00:28]} 27. Kd1 {[%clk
00:00:36]} {[%emt 00:00:05]} Rad8 {[%clk 00:16:13]} {[%emt 00:00:20]} 28. Nd5
{[%clk 00:00:44]} {[%emt 00:00:03]} cxd5 {[%clk 00:16:07]} {[%emt 00:00:16]}
0-1